zpět

Detail výsledku týmu

Hells Bells Beer Pub, Praha

Datum a čas kvízu

33.5 Celkem bodů Celkový počet nahraných bodů na tomto kvízu bez doplňovacích otázek.
4. Pořadí na kvízu Konečné umístění týmu na tomto kvízu.

Zaznamenané odpovědi

# Otázka Odpověď Body Výsledky
1. Někdejší předseda Nejvyššího s... 1
2. Německá kancléřka Angela Merke... 1
3. Americká filmová akademie minu... 1
4. Andrej Babiš se na zasedání Sv... 1
5. Útočník Komety Martin Erat vst... 0
21. Nejdelší had na světě chovaný... 0
22. Přiřaďte k sobě rodová a druho... 0
23. Od želv se můžeme dostat ke Ga... 1
24. Jak se nazývá tento živočich?... 1
25. Kteří dva herci ztvárnili dvě... 1